The epistles to the Colossians, to Philemon, and to the Ephesians. (Record no. 410)

000 -LEADER
fixed length control field 00829nam a2200217 a 4500
001 - CONTROL NUMBER
control field :::00013564$&:&@@
003 - CONTROL NUMBER IDENTIFIER
control field OkBaRHE
005 - DATE AND TIME OF LATEST TRANSACTION
control field 20100324115938.0
008 - FIXED-LENGTH DATA ELEMENTS--GENERAL INFORMATION
fixed length control field s1984 j 000 0 eng u
040 ## - CATALOGING SOURCE
Transcribing agency
100 1# - MAIN ENTRY--PERSONAL NAME
Personal name Bruce, F. F. (Frederick Fyvie), 1910-
245 14 - TITLE STATEMENT
Title The epistles to the Colossians, to Philemon, and to the Ephesians.
260 ## - PUBLICATION, DISTRIBUTION, ETC. (IMPRINT)
Place of publication, distribution, etc Grand Rapids, MI., :
Name of publisher, distributor, etc Wm. B. Eerdmans
Date of publication, distribution, etc 1984
300 ## - PHYSICAL DESCRIPTION
Extent 442 p. ;
Dimensions 23 cm.
490 0# - SERIES STATEMENT
Series statement The new international commentary on the New Testament.
650 ## - SUBJECT ADDED ENTRY--TOPICAL TERM
Topical term or geographic name as entry element Bible New Testament Colossians
General subdivision Commentaries
650 ## - SUBJECT ADDED ENTRY--TOPICAL TERM
Topical term or geographic name as entry element Bible New Testament Ephesians
General subdivision Commentaries
650 ## - SUBJECT ADDED ENTRY--TOPICAL TERM
Topical term or geographic name as entry element Bible New Testament Philemon
General subdivision Commentaries
942 ## - ADDED ENTRY ELEMENTS (KOHA)
Source of classification or shelving scheme
Koha item type Books
Copies
Current Location Not for loan Barcode Date acquired Damaged status Price effective from Shelving location Withdrawn status Lost status Date last seen Full call number Collection code Copy number Koha item type Permanent Location Source of classification or shelving scheme
  135642010-04-14 2010-04-14General Stacks  2018-03-27BS 2650.3 .B78 1984Reference1BooksRHEMA Bible Training College 
RHEMA Bible Training College 223032011-11-04 2011-11-04General Stacks  2018-02-20BS 2650.3 .B78 1984Reference2BooksRHEMA Bible Training College